The science of happiness: (Record no. 100084)

MARC details
000 -LEADER
fixed length control field 00746nam a22002057a 4500
005 - DATE AND TIME OF LATEST TRANSACTION
control field 20230703165536.0
010 ## - LCCN (DPL NO)
LC control number ENG-115160 ENG-137204
020 ## - INTERNATIONAL STANDARD BOOK NUMBER
International Standard Book Number 9789385755828
Terms of availability 450.00
035 ## - SYSTEM CONTROL NUMBER
System control number EN-98692 EN-120736
037 ## - SOURCE OF ACQUISITION
Source of stock number/acquisition DABD/PUB
082 ## - DEWEY DECIMAL CLASSIFICATION NUMBER
Classification number 152.42
100 ## - MAIN ENTRY--PERSONAL NAME
Personal name Klein, Stefan
245 ## - TITLE STATEMENT
Title The science of happiness:
Remainder of title how our brains make us happy and what we can do to get happier /
Statement of responsibility, etc by Stefan Klein ; translated by Stephen Lehmann
260 ## - PUBLICATION, DISTRIBUTION, ETC. (IMPRINT)
Place of publication, distribution, etc New Delhi
Name of publisher, distributor, etc Speaking Tiger
Date of publication, distribution, etc 2016
270 ## - ADDRESS
Address 4381/4 Ansari Road, Daryaganj,
City New Delhi
Postal code 10002
300 ## - PHYSICAL DESCRIPTION
Extent xvi,296p. :
Dimensions 23cm(pbk)
Other physical details ill.
500 ## - GENERAL NOTE
General note Includes bibliographical references and index
700 ## - ADDED ENTRY--PERSONAL NAME
Personal name Lehmann, Stephen
942 ## - ADDED ENTRY ELEMENTS (KOHA)
Source of classification or shelving scheme Dewey Decimal Classification
Item type English Books
Call number suffix KLE
Classification part 152.42
Holdings
Withdrawn status Lost status Not for loan Collection code Home library Current library Date acquired Source of acquisition Cost, normal purchase price Full call number Barcode Copy number Cost, replacement price Koha item type
    Not For Loan Fiction D.B.Act.Division Bawana 26/05/2016 DBAD/PUB 450.00 152.42 KLE EN-98692 1 450.00 English Books
      Fiction Bawana Bawana 03/07/2023 DBAD/PUB 450.00 152.42 KLE EN-120736 1 450.00 English Books

© Delhi Public Library
Hit Counter
free hit counter